LEADER 02884nam 2200553 450 001 9910464304403321 005 20200520144314.0 010 $a1-78084-030-6 035 $a(CKB)3680000000169489 035 $a(EBL)928439 035 $a(OCoLC)828303677 035 $a(SSID)ssj0001526180 035 $a(PQKBManifestationID)11887606 035 $a(PQKBTitleCode)TC0001526180 035 $a(PQKBWorkID)11504653 035 $a(PQKB)10551102 035 $a(MiAaPQ)EBC928439 035 $a(Au-PeEL)EBL928439 035 $a(EXLCZ)993680000000169489 100 $a20181227d2012 uy 0 101 0 $aeng 135 $aur|n|---||||| 181 $ctxt 182 $cc 183 $acr 200 00$aAdvances in bone metastasis management /$feditors, Piero Picci, Pietro Ruggieri 210 1$aLondon, UK :$cFuture Medicine,$d[2012] 210 4$d©2012 215 $a1 online resource (141 p.) 300 $aDescription based upon print version of record. 311 $a1-78084-115-9 327 $aTitle page; Copyright page; Contents; Foreword. Advances in bone metastasis management; 1. Pathways to metastases: how do metastases develop in bone; 2. Metastatic spread to bone: the role of chemotherapy; 3. Bone stroma inhibition in prostate cancer; 4. Management of bone metastases in breast cancer; 5. Radiotherapy for bone metastases; 6. Bisphosphonates for bone metastases; 7. Surgical treatment for spinal metastases; 8. Surgical treatment for pelvic bone metastases; 9. Surgical treatment for metastatic pathological fractures 327 $a10. Palliative treatments: selective arterial embolization for bone metastases11. Palliative treatments: electrochemotherapy and thermoablation; 12. Novel targeted therapies of bone tumors and future directions; Index 330 $aThis book adopts a concise approach to the topic of bone metastasis management. It provides summarized information and updated references on the different aspects of metastasization, medical treatment, radiotherapy, surgical treatments and the newer palliative options. As such, the book does not presume to be comprehensive but instead offers an update on the newer concepts and treatments. The editors have gathered together a team of excellent authors to address the different aspects and concepts and to provide a unique multidisciplinary perspective on the key issues of metastatic disease and i 606 $aBones$xCancer$xTreatment 606 $aMetastasis$xTreatment 608 $aElectronic books. 615 0$aBones$xCancer$xTreatment. 615 0$aMetastasis$xTreatment. 676 $a616.99471 702 $aPicci$b Piero 702 $aRuggieri$b Pietro 801 0$bMiAaPQ 801 1$bMiAaPQ 801 2$bMiAaPQ 906 $aBOOK 912 $a9910464304403321 996 $aAdvances in bone metastasis management$91941188 997 $aUNINA LEADER 02351nam0 2200505 i 450 001 UBO1455606 005 20251003044420.0 010 $a8815082085 020 $aIT$b2002-14320 100 $a20011002d2001 ||||0itac50 ba 101 | $aita 102 $ait 181 1$6z01$ai $bxxxe 182 1$6z01$an 200 1 $aˆL'‰Europa dei diritti$ecommento alla Carta dei diritti fondamentali dell'Unione Europea$fa cura di Raffaele Bifulco, Marta Cartabia, Alfonso Celotto$gcon scritti di Raffaele Bifulco ... [et al.] 210 $aBologna$cIl mulino$d[2001] 215 $a392 p.$d21 cm 300 $aIn appendice: Carta dei diritti fondamentali dell'Unione europea. 606 $aDiritti dell'uomo$xDiritto comunitario$2FIR$3CFIC010424$9I 606 $aUnione europea$xOrdinamento$2FIR$3CFIC070907$9E 606 $aCarta dei diritti fondamentali dell'Unione europea$2FIR$3CFIC133990$9E 676 $a341.2422$9DIRITTO INTERNAZIONALE. UNIONE EUROPEA$v21 676 $a341.481$9DIRITTI FONDAMENTALI DELL'UOMO$v19 676 $a341.481$9DIRITTI FONDAMENTALI DELL'UOMO$v20 676 $a341.481$9DIRITTI FONDAMENTALI DELL'UOMO$v21 686 $aK 302$c$2C 696 $aDiritto dell'UE$aDiritto delle Comunità europee$aDiritto dell'Unione europea$aDiritto europeo 696 $aOrdinamento giuridico 699 $aDiritto comunitario$yDiritto dell'UE 699 $aDiritto comunitario$yDiritto delle Comunità europee 699 $aDiritto comunitario$yDiritto dell'Unione europea 699 $aDiritto comunitario$yDiritto europeo 699 $aOrdinamento$zOrdinamento giuridico 702 1$aBifulco$b, Raffaele$3CFIV086851 702 1$aCartabia$b, Marta$3CFIV087181 702 1$aCelotto$b, Alfonso$3RMGV008528 801 3$aIT$bIT-000000$c20011002 850 $aIT-BN0095 $aIT-AV0007 901 $bNAP 01$cD $n$ 901 $bNAP AV$cSEZ. M $nSezione Moderna 912 $aUBO1455606 950 0$aBiblioteca Centralizzata di Ateneo$d 01D (C) 000 864$e 01C 0008008645 VMA 1 v.$fY $h20130515$i20130515$d 01D (C) 000 866$e 01C 0008008665 VMA (bis 1 v. (2. copia)$fY $h20130514$i20130514 977 $a 01$a AV 996 $aEuropa dei diritti$968063 997 $aUNISANNIO